<?xml version="1.0" encoding="UTF-8"?>
<record
    xmlns:xsi="http://www.w3.org/2001/XMLSchema-instance"
    xsi:schemaLocation="http://www.loc.gov/MARC21/slim http://www.loc.gov/standards/marcxml/schema/MARC21slim.xsd"
    xmlns="http://www.loc.gov/MARC21/slim">

  <leader>00993nam a2200253 a 4500</leader>
  <controlfield tag="001">18402</controlfield>
  <controlfield tag="003">BD-RjUL</controlfield>
  <controlfield tag="005">20211209000259.0</controlfield>
  <controlfield tag="008">180731s1976    bg       b    000 0 eng d</controlfield>
  <datafield tag="035" ind1=" " ind2=" ">
    <subfield code="a">(BD-RjUL)18460</subfield>
  </datafield>
  <datafield tag="040" ind1=" " ind2=" ">
    <subfield code="a">BD-RjUL</subfield>
    <subfield code="c">BD-RjUL</subfield>
    <subfield code="d">BD-RjUL</subfield>
    <subfield code="b">eng</subfield>
  </datafield>
  <datafield tag="041" ind1=" " ind2=" ">
    <subfield code="a">eng</subfield>
  </datafield>
  <datafield tag="082" ind1=" " ind2=" ">
    <subfield code="a">509.20255492</subfield>
    <subfield code="b">DIR 1976</subfield>
  </datafield>
  <datafield tag="245" ind1="0" ind2="0">
    <subfield code="a">A Directory of Scientists and Tecnologists of Bangladesh /</subfield>
    <subfield code="c">Edited by Ahsan A. Biswas ; Complied by BABSDOC (Bangladesh National Scientific and Technical Documentation Center)</subfield>
  </datafield>
  <datafield tag="260" ind1=" " ind2=" ">
    <subfield code="a">Dacca:</subfield>
    <subfield code="b">BANSDOC, 1976</subfield>
  </datafield>
  <datafield tag="300" ind1=" " ind2=" ">
    <subfield code="a">[6], 190,[2] p. ;</subfield>
    <subfield code="c">28 cm.</subfield>
  </datafield>
  <datafield tag="490" ind1=" " ind2=" ">
    <subfield code="a">BANSDOC Bibliography ; </subfield>
    <subfield code="v">No. 103</subfield>
  </datafield>
  <datafield tag="650" ind1=" " ind2=" ">
    <subfield code="a">Scientists </subfield>
    <subfield code="z">Bangladesh </subfield>
    <subfield code="x">Directory </subfield>
    <subfield code="9">222027</subfield>
  </datafield>
  <datafield tag="650" ind1=" " ind2=" ">
    <subfield code="a">Tecnologists </subfield>
    <subfield code="z">Bangladesh </subfield>
    <subfield code="x">Directory </subfield>
    <subfield code="9">222028</subfield>
  </datafield>
  <datafield tag="700" ind1=" " ind2=" ">
    <subfield code="a">Biswas, Ahsan A. , ed.</subfield>
    <subfield code="9">222029</subfield>
  </datafield>
  <datafield tag="710" ind1=" " ind2=" ">
    <subfield code="a">BABSDOC (Bangladesh National Scientific and Technical Documentation Center), Comp.</subfield>
    <subfield code="9">222030</subfield>
  </datafield>
  <datafield tag="830" ind1=" " ind2=" ">
    <subfield code="a">BANSDOC Bibliography ; </subfield>
    <subfield code="v">No. 103</subfield>
    <subfield code="9">222031</subfield>
  </datafield>
  <datafield tag="942" ind1=" " ind2=" ">
    <subfield code="2">ddc</subfield>
    <subfield code="c">RAR</subfield>
  </datafield>
  <datafield tag="999" ind1=" " ind2=" ">
    <subfield code="c">18402</subfield>
    <subfield code="d">18402</subfield>
  </datafield>
  <datafield tag="952" ind1=" " ind2=" ">
    <subfield code="0">0</subfield>
    <subfield code="1">0</subfield>
    <subfield code="2">ddc</subfield>
    <subfield code="4">0</subfield>
    <subfield code="7">1</subfield>
    <subfield code="8">RARE</subfield>
    <subfield code="a">RUCL</subfield>
    <subfield code="b">RUCL</subfield>
    <subfield code="c">Rare</subfield>
    <subfield code="d">2018-07-31</subfield>
    <subfield code="l">0</subfield>
    <subfield code="o">RA 509.20255492 DIR 1976</subfield>
    <subfield code="r">2018-07-31 00:00:00</subfield>
    <subfield code="t">C-1</subfield>
    <subfield code="w">2018-07-31</subfield>
    <subfield code="y">RAR</subfield>
  </datafield>
</record>
